Ministrowie rządów III RP - foto quiz - Statystyki

Ogólne statystyki
  • Ten quiz został rozwiązany 37 razy
  • Średni wynik to 10 z 20
Statystyki odpowiedzi
Obrazkowy Odpowiedź % Poprawnych
Radosław Sikorski
100%
Leszek Balcerowicz
94%
Antoni Macierewicz
91%
Jacek Kuroń
89%
Mariusz Błaszczak
89%
Bronisław Geremek
74%
Władysław Bartoszewski
66%
Andrzej Olechowski
60%
Marek Borowski
54%
Zyta Gilowska
49%
Jadwiga Emilewicz
46%
Wojciech Olejniczak
43%
Grzegorz Kołodko
40%
Janusz Onyszkiewicz
37%
Jan Parys
23%
Jerzy Hausner
23%
Tadeusz Syryjczyk
17%
Jarosław Bauc
6%
Małgorzata Omilanowska
6%
Izabella Cywińska
0%
Nie znaleziono quizów pasujących do podanych kryteriów
Rozkład punktacji
Procent ludzi z każdym wynikiem
Percentyl według liczby udzielonych odpowiedzi
Twoja historia wyników
Nie rozwiązałeś tego quizu